Statistics for 2024 and 2025 Video Games (including just upcoming ones)

Click here to take the quiz!

General Stats

  • This quiz has been taken 2 times
  • The average score is 5 of 16

Answer Stats

Answer% Correct
Death Stranding 2 (TBA 2025)
100%
Grand Theft Auto VI (TBA 2025)
100%
Final Fantasy VII Rebirth
50%
Helldivers 2
50%
Hollow Knight: Silksong (TBA 2024/2025)
50%
Kingdom Come: Deliverance 2 (TBA 2025)
50%
Prince of Persia: The Lost Crown
50%
Alone in the Dark
0%
Hades II
0%
Indika
0%
Judas (TBA 2025)
0%
Pacific Drive
0%
Persona 3 Reload
0%
Senua's Saga: Hellblade 2 (TBA 2024)
0%
Silent Hill 2 Remake (TBA 2024)
0%
S.T.A.L.K.E.R. 2: Heart of Chernobyl (TBA 2024)
0%

Score Distribution

Percentile by Number Answered

Percent of People with Each Score

Your Score History

You have not taken this quiz